1833 1637 1719 1007 1065 1570 1603 1013 1905 1100 1603 1630 1981 1700 1372 1629 1885 1220 1388 1879 1301 1095 1124 1439 1189 1114 1205 1304 1461 1175 1172 1037 1071 1661 1486 1912 1987 1692 1116 1140 1671 1097 1999 1062 1405 1292 1042 1635 1588 1573 1835 1862 1492 1933 1684 1914 1327 1230 1412 1786 1531 1395 1409 1688 1325 1071 1746 1982 1485 1846 1987 1524 1771 1640 1047 1001 1504 1152 1426 1910 1101 1911 1914 1084 1806 1568 1690 1105 1848 1645 1172 1474 1041 1590 1467 1219 1481 1415 1022 BCNSPRNW ULIB Ver.6.0+V

เปลี่ยนเป็นภาษาไทย

Change to English
 แสดงรายละเอียดบรรณานุกรม
  กลับหน้าหลัก

Brief Record : Get Marc (ISO 2709) : E-mail record : QR code < ปิดหน้าต่าง
LEADER : 00000nas 2200000uu 4500
001    13399125934
003     ULIB
008    171120s2560||||th 000 0 tha d
022 0  ^a25395890
110 1  ^aวารสารสาธารณสุขจังหวัดชัยนาท
245 00 ^aวารสารสาธารณสุขจังหวัดชัยนาท^cสำนักงานสาธารณสุขจังหวัดชัยนาท
260    ^aชัยนาท;^bสำนักงานสาธารณสุขจังหวัดชัยนาท,^c2560
310    ^aราย 6 เดือน
850 ^a ULIB^bปีที่ 5 ฉบับที่ 5 ฉ.1 ;ปีที่ 3 ฉบับที่ 4 ฉ.1 ;ปีที่ 2 ฉบับที่ 2 ฉ.1 ;ปีที่ 2 ฉบับที่ 2 ฉ.1
945    ^p0^l0^i905251
945    ^p0^l0^i905044
945    ^p0^l0^i904704
945    ^p0^l0^i904911
999    ^aประนอม เกษจรัล
รายการนี้ยังไม่มีแท็ก
คุณยังไม่ได้ล็อกอิน คุณสามารถมีกิจกรรมร่วมกับเว็บไซต์ได้ แต่ต้องล็อกอินก่อน ::
  ล็อกอิน

รายการสื่อสารสนเทศ (วารสาร)

ดูแบบ: กล่อง รายการ
ARRIVED
ปีที่ 2 ฉบับที่ 2 ฉ.1
สถานที่: ห้องสมุดวิทยาเขตสวรรค์ประชารักษ์ >วารสาร
ARRIVED
ปีที่ 3 ฉบับที่ 4 ฉ.1
สถานที่: ห้องสมุดวิทยาเขตสวรรค์ประชารักษ์ >วารสาร
ARRIVED
ปีที่ 5 ฉบับที่ 5 ฉ.1
สถานที่: ห้องสมุดวิทยาเขตสวรรค์ประชารักษ์ >วารสาร

BibComment


ยังไม่เคยถูกคอมเมนท์

คอมเมนท์ทรัพยากรรายการนี้
  คอมเมนท์: วารสารสาธารณสุขจ..


 Copyright 2026. Bcnsprnw @Library